| 000 | 00450nam a2200157Ia 4500 | ||
|---|---|---|---|
| 005 | 20240717053405.0 | ||
| 008 | 240331s9999 xx 000 0 und d | ||
| 082 |
_a200.042 _bSAD |
||
| 100 | _aSadhwani, S.L | ||
| 245 | 0 | _aPsychological aspects of women's relationship to religion | |
| 260 |
_aColombo _bInternational center for ethnic studies _c1991 |
||
| 300 | _a61 p ., ( V 4) | ||
| 650 | _aPsychology | ||
| 650 | _aWoman's Relationship | ||
| 942 | _cL | ||
| 999 |
_c790 _d790 |
||